Viajes con Heródoto (Registro nro. 52997)

Detalles MARC
000 -ENCABEZADO
Número de control [NR] 00925nam a2200253Ia 4500
005 - FECHA Y HORA DE LA ÚLTIMA TRANSACCIÓN
control field 20211111074631.0
008 - DE LONGITUD FIJA DE DATOS DE ELEMENTOS - INFORMACIÓN GENERAL
Elementos de longitud fija [NR] 130821s2006 ck gr spa
020 ## - NUMERO INTERNACIONAL NORMALIZADO PARA LIBROS [R]
Número Internacional Normalizado del libro [NR] 9587095388
040 ## - FUENTE DE CATALOGACION [NR]
Agencia de catalogación original [NR] Co-BoUCM
Idioma de catalogación [NR] spa
041 00 - CODIGO DE IDIOMA [R]
Código de idioma para texto/pista de sonido o título separado [R] Español
100 1# - ASIENTO PRINCIPAL--NOMBRE PERSONAL [NR]
Nombre personal [NR] Kapuscinski, Ryzard
Fechas asociadas con el nombre [NR] 1932-2007
ID Autoridad 163556
245 10 - MENCION DE TITULO [NR]
Título [NR] Viajes con Heródoto
Mención de responsabilidad, etc. [NR] Ryzard Kapuscinski; traducción del polaco Agata Orzeszek
260 ## - PUBLICACION, DISTRIBUCION, ETC. (PIE DE IMPRENTA) [R]
Lugar de publicación, distribución, etc. [R] Bogotá (Colombia)
Nombre del editor, distribuidor, etc. [R] Editorial Anagrama
Fecha de publicación, distribución, etc. [R] 2006
300 ## - DESCRIPCION FISICA [R]
Extensión [R] 308 páginas
490 ## - MENCION DE SERIE [R]
Mención de serie [R] Crónicas
Designación numérica/secuencial del volumen [NR] 77
600 ## - ASIENTO SECUNDARIO DE MATERIA - NOMBRE PERSONAL [R]
Nombre personal [NR] Kapuscinski, Ryszard
Fechas asociadas con el nombre [NR] 1932-2007
Subdivisión de forma [R] Colecciones de escritos
9 (RLIN) 27922
600 ## - ASIENTO SECUNDARIO DE MATERIA - NOMBRE PERSONAL [R]
Nombre personal [NR] Kapuscinski, Ryszard
Fechas asociadas con el nombre [NR] 1932-2007
Subdivisión de forma [R] Relatos personales
9 (RLIN) 135940
600 ## - ASIENTO SECUNDARIO DE MATERIA - NOMBRE PERSONAL [R]
Nombre personal [NR] Kapuscinski, Ryszard
Fechas asociadas con el nombre [NR] 1932-2007
Subdivisión general [R] Itinerarios
9 (RLIN) 163557
650 04 - ASIENTO SECUNDARIO DE MATERIA - TERMINO TEMATICO [R]
Término temático o nombre geográfico como elemento de entrada [NR] Periodismo
9 (RLIN) 21340
700 1# - ASIENTO SECUNDARIO - NOMBRE PERSONAL [R]
Nombre personal [NR] Orzeszek, Agata
Término de relación [R]
9 (RLIN) 27924
765 ## - ASIENTO DE IDIOMA ORIGINAL [R]
Asiento principal [NR] Podrózez Herodotom
942 ## - ELEMENTOS DE ENTRADA AGREGADOS (KOHA)
Tipo de ítem principal el descrito en 300a Libro
Tema principal Comunicación
Edición 1
Parte restante de la signatura top. K179v
Sistema de clasificación DEWEY
Clasificación 070.44
Existencias
Fecha de último préstamo Total préstamos Total Renewals Signatura topográfica Código de barras Última vez visto Ejemplar Price effective from Tipo de ítem Perdido Sistema de clasificación Dañado No prestable Tipo de ítem específico Suprimido Ubicación habitual Ubicación actual Localización Fecha de creación Forma de adquisición Costo
18/03/2026 26 3 070.44 K179v 100088299 06/04/2026 Ej.2 03/02/2013 Libro   DEWEY     Libro   Claustro Claustro 2do piso 28/02/2013 Compra 58000.00